[Event "Fagernes op"]
[Site "Fagernes"]
[Date "2024.03.27"]
[Round "4"]
[White "Blomqvist, Erik"]
[Black "Carlsson, Ludvig"]
[Result "1-0"]
[WhiteElo "2511"]
[BlackElo "2350"]
[PlyCount "67"]
[EventDate "2024.03.24"]
[EventType "swiss"]
[EventRounds "9"]
[EventCountry "NOR"]
[SourceTitle "CB14_2024"]
[SourceDate "2024.04.01"]
[SourceVersion "1"]
[SourceVersionDate "2024.04.01"]
[SourceQuality "1"]

1. e4 e5 2. Nf3 Nc6 3. Bb5 a6 4. Ba4 Nf6 5. 0-0 Nxe4 6. d4 b5 7. Bb3 d5 8. dxe5 Be6 9. Nbd2 Nc5 10. c3 d4 11. Bxe6 Nxe6 12. cxd4 Ncxd4 13. a4 Bb4 14. Ne4 0-0 15. Be3 Nf5 16. Qb3 Nxe3 17. Qxe3 Qe7 18. h4 bxa4 19. Rfc1 a5 20. Rc4 Rfd8 21. h5 Qd7 22. h6 Qd3 23. Qc1 Nd4 24. Rxd4 Rxd4 25. Qg5 Bf8 26. Nf6+ Kh8 27. Nxd4 Qxd4 28. hxg7+ Bxg7 29. Ra3 Qxb2 30. Qf5 Bxf6 31. Qxf6+ Kg8 32. Rg3+ Kf8 33. Rg7 Qb3 34. Qg5 1-0

[Event "Fagernes op"]
[Site "Fagernes"]
[Date "2024.03.26"]
[Round "3"]
[White "Havik, Victor"]
[Black "Carlsson, Ludvig"]
[Result "0-1"]
[WhiteElo "2078"]
[BlackElo "2350"]
[PlyCount "58"]
[EventDate "2024.03.24"]
[EventType "swiss"]
[EventRounds "9"]
[EventCountry "NOR"]
[SourceTitle "CB14_2024"]
[SourceDate "2024.04.01"]
[SourceVersion "1"]
[SourceVersionDate "2024.04.01"]
[SourceQuality "1"]

1. d4 d5 2. c4 c6 3. Nc3 Nf6 4. e3 e6 5. Nf3 Bd6 6. Bd3 0-0 7. 0-0 Nbd7 8. e4 dxc4 9. Bxc4 e5 10. Be3 Qe7 11. Re1 exd4 12. Bxd4 Ne5 13. Nxe5 Bxe5 14. Bxe5 Qxe5 15. h3 Be6 16. Qb3 Nh5 17. Bxe6 fxe6 18. Re3 Rf7 19. Rd1 Raf8 20. Rd2 Nf4 21. Qd1 h5 22. Rg3 Qf6 23. Rd7 Rxd7 24. Qxd7 b5 25. Qd2 Qe5 26. h4 b4 27. Nd1 Qxe4 28. Ne3 c5 29. Qd7 Ne2+ 0-1

[Event "Kragero op"]
[Site "Kragero"]
[Date "2024.02.24"]
[Round "7"]
[White "Ramirez Garrastacho, Manuel"]
[Black "Carlsson, Ludvig"]
[Result "0-1"]
[WhiteElo "2107"]
[BlackElo "2368"]
[PlyCount "68"]
[EventDate "2024.02.21"]
[EventType "swiss"]
[EventRounds "9"]
[EventCountry "NOR"]
[SourceTitle "CB09_2024"]
[SourceDate "2024.02.28"]
[SourceVersion "1"]
[SourceVersionDate "2024.02.28"]
[SourceQuality "1"]

1. d4 Nf6 2. c4 e6 3. Nf3 c5 4. d5 d6 5. Nc3 exd5 6. cxd5 g6 7. h3 Bg7 8. e4 0-0 9. Bd3 Re8 10. 0-0 Nbd7 11. Re1 Ne5 12. Nxe5 Rxe5 13. Bf4 Nh5 14. Bxe5 Bxe5 15. Qf3 Qg5 16. Bf1 Nf4 17. Kh1 h5 18. Ne2 Nxe2 19. Bxe2 Bxb2 20. Rab1 Be5 21. a4 Kg7 22. Rb3 Rb8 23. Kg1 Qd8 24. Reb1 Qa5 25. Bb5 a6 26. Be8 Qc7 27. Rb6 c4 28. Bc6 c3 29. Qd3 Ra8 30. Rxb7 Bxb7 31. Rxb7 Qa5 32. g3 Qc5 33. Qf3 Rf8 34. Be8 Bf6 0-1

[Event "Kragero op"]
[Site "Kragero"]
[Date "2024.02.22"]
[Round "4"]
[White "Kanyamarala, Trisha"]
[Black "Carlsson, Ludvig"]
[Result "1-0"]
[WhiteElo "2243"]
[BlackElo "2368"]
[PlyCount "151"]
[EventDate "2024.02.21"]
[EventType "swiss"]
[EventRounds "9"]
[EventCountry "NOR"]
[SourceTitle "CB09_2024"]
[SourceDate "2024.02.28"]
[SourceVersion "1"]
[SourceVersionDate "2024.02.28"]
[SourceQuality "1"]

1. d4 Nf6 2. c4 g6 3. Nc3 d5 4. cxd5 Nxd5 5. e4 Nxc3 6. bxc3 Bg7 7. Nf3 c5 8. h3 0-0 9. Be2 Nc6 10. Be3 cxd4 11. cxd4 Qa5+ 12. Bd2 Qa3 13. Be3 f5 14. 0-0 fxe4 15. Bc4+ Kh8 16. Ng5 e5 17. d5 Nd4 18. d6 Qxd6 19. Nf7+ Rxf7 20. Bxf7 Bd7 21. Re1 Bc6 22. Bb3 Rd8 23. Qc1 a5 24. Rb1 b5 25. Bc2 Bd5 26. Bxd4 exd4 27. Bxe4 Bxe4 28. Rxe4 d3 29. Qe3 Bc3 30. Re8+ Rxe8 31. Qxe8+ Kg7 32. Qxb5 d2 33. Qb7+ Kh6 34. Qf3 Bb2 35. Qe3+ Kg7 36. Rd1 Bc1 37. Qc3+ Kf7 38. Qxa5 Qe6 39. a3 Qe2 40. Qc7+ Kg8 41. Qc8+ Kg7 42. Qc3+ Kf7 43. Qf3+ Qxf3 44. gxf3 Bxa3 45. Rxd2 Kf6 46. Kg2 Bc1 47. Rd4 Ke5 48. Rc4 Bf4 49. Rc7 h5 50. Kf1 Kf5 51. Rf7+ Ke5 52. Ke2 Bg5 53. Rb7 Bc1 54. Rb5+ Kf4 55. Rc5 Bb2 56. Rc4+ Kf5 57. f4 Ba3 58. Kf3 Bd6 59. Rd4 Bc7 60. Rd5+ Ke6 61. Rb5 Kf6 62. Ke4 Bd8 63. Rb8 Ba5 64. Ra8 Be1 65. Ra6+ Kf7 66. f3 Bc3 67. f5 g5 68. Ra7+ Kf6 69. Rh7 h4 70. f4 Bd2 71. Rh6+ Kf7 72. fxg5 Bxg5 73. Ra6 Bd8 74. Kf4 Kg7 75. Ke5 Bg5 76. Rg6+ 1-0

[Event "NOR-chT Elite 2324"]
[Site "Norway"]
[Date "2024.02.04"]
[Round "6.15"]
[White "Carlsson, Ludvig"]
[Black "Myagmarsuren, Evsuld"]
[Result "1-0"]
[WhiteElo "2368"]
[BlackElo "2107"]
[PlyCount "141"]
[EventDate "2023.10.27"]
[EventType "team-tourn"]
[EventRounds "9"]
[EventCountry "NOR"]
[SourceTitle "CB16_2024"]
[SourceDate "2024.04.17"]
[SourceVersion "1"]
[SourceVersionDate "2024.04.17"]
[SourceQuality "1"]
[WhiteTeam "OSS"]
[BlackTeam "Tromsoe"]
[WhiteTeamCountry "NOR"]
[BlackTeamCountry "NOR"]

1. d4 d5 2. Bf4 Nf6 3. e3 c5 4. c3 e6 5. Nd2 Bd6 6. Bb5+ Nc6 7. Bxc6+ bxc6 8. Bxd6 Qxd6 9. Ngf3 cxd4 10. cxd4 0-0 11. Qa4 Nd7 12. Rc1 Bb7 13. 0-0 c5 14. Qa3 Rfc8 15. Nb3 Qa6 16. dxc5 Qxa3 17. bxa3 Ba6 18. Rfd1 Bc4 19. Nfd2 Ne5 20. Rc3 Kf8 21. f4 Nd3 22. Nxc4 dxc4 23. Na5 Rxc5 24. Rxc4 Rac8 25. Rxc5 Rxc5 26. Rxd3 Rxa5 27. Kf2 Rc5 28. Kf3 Ke7 29. Rb3 Kf6 30. h3 h5 31. Rb4 a5 32. Rb7 Rc3 33. Rb3 Rc5 34. g4 hxg4+ 35. hxg4 g5 36. fxg5+ Kxg5 37. a4 Rc2 38. Rb5+ Kg6 39. Rxa5 Rxa2 40. Ra8 Ra1 41. a5 Ra4 42. a6 Kg7 43. e4 Ra5 44. a7 Kf6 45. Kf4 Kg7 46. g5 Kh7 47. e5 Kg7 48. Ke4 Ra4+ 49. Kd3 Ra3+ 50. Kc4 Ra4+ 51. Kb5 Ra1 52. Kc6 Ra2 53. Kd7 Ra1 54. Ke7 Ra6 55. Kd7 Ra1 56. g6 Kxg6 57. Rg8+ Kf5 58. a8Q Rxa8 59. Rxa8 Kxe5 60. Ke7 f5 61. Ra5+ Ke4 62. Kf6 f4 63. Kg5 f3 64. Kg4 f2 65. Ra1 Ke3 66. Kg3 Ke2 67. Kg2 e5 68. Ra2+ Ke1 69. Rxf2 e4 70. Ra2 Kd1 71. Kf2 1-0

[Event "NOR-chT Elite 2324"]
[Site "Norway"]
[Date "2024.02.02"]
[Round "4.15"]
[White "Carlsson, Ludvig"]
[Black "Mansoor, Afras"]
[Result "1/2-1/2"]
[WhiteElo "2368"]
[BlackElo "2167"]
[PlyCount "50"]
[EventDate "2023.10.27"]
[EventType "team-tourn"]
[EventRounds "9"]
[EventCountry "NOR"]
[SourceTitle "CB16_2024"]
[SourceDate "2024.04.17"]
[SourceVersion "1"]
[SourceVersionDate "2024.04.17"]
[SourceQuality "1"]
[WhiteTeam "OSS"]
[BlackTeam "Bergens"]
[WhiteTeamCountry "NOR"]
[BlackTeamCountry "NOR"]

1. e4 e5 2. Nf3 Nc6 3. Bb5 a6 4. Ba4 Nf6 5. 0-0 Be7 6. Re1 b5 7. Bb3 0-0 8. c3 d5 9. exd5 Nxd5 10. Nxe5 Nxe5 11. Rxe5 c6 12. Re1 Bd6 13. d3 Qh4 14. g3 Qh3 15. Re4 Nf6 16. Rh4 Qf5 17. Bc2 Qg6 18. Nd2 Bg4 19. Nf3 Rfe8 20. Kg2 Rad8 21. h3 Bf5 22. Rd4 Qh5 23. Rh4 Qg6 24. Rd4 Qh5 25. Rh4 Qg6 1/2-1/2

[Event "NOR-ch Rapid"]
[Site "Bergen"]
[Date "2024.01.14"]
[Round "8"]
[White "Lund, Gunnar"]
[Black "Carlsson, Ludvig"]
[Result "1-0"]
[WhiteElo "2321"]
[BlackElo "2361"]
[PlyCount "57"]
[EventDate "2024.01.13"]
[EventType "swiss (rapid)"]
[EventRounds "10"]
[EventCountry "NOR"]
[SourceTitle "CB03_2024"]
[SourceDate "2024.01.17"]
[SourceVersion "1"]
[SourceVersionDate "2024.01.17"]
[SourceQuality "1"]

1. d4 d5 2. c4 e6 3. Nc3 Nf6 4. cxd5 exd5 5. Bg5 c6 6. e3 h6 7. Bh4 Be7 8. Qc2 0-0 9. Bd3 Ne8 10. Bg3 Nd6 11. Nf3 Re8 12. Ne5 a5 13. 0-0 Bf8 14. Rae1 Nd7 15. f3 Nxe5 16. Bxe5 b5 17. b3 Bb7 18. Kh1 Rc8 19. Qd2 Rc7 20. e4 dxe4 21. fxe4 Rd7 22. Qf2 Nc8 23. Qg3 Ne7 24. Bf6 Kh8 25. Bxe7 Rdxe7 26. Ne2 Ba6 27. e5 c5 28. Rxf7 Rxf7 29. Qg6 1-0

[Event "NOR-ch Rapid"]
[Site "Bergen"]
[Date "2024.01.13"]
[Round "3"]
[White "Carlsson, Ludvig"]
[Black "Tari, Aryan"]
[Result "1/2-1/2"]
[WhiteElo "2361"]
[BlackElo "2623"]
[PlyCount "147"]
[EventDate "2024.01.13"]
[EventType "swiss (rapid)"]
[EventRounds "10"]
[EventCountry "NOR"]
[SourceTitle "CB03_2024"]
[SourceDate "2024.01.17"]
[SourceVersion "1"]
[SourceVersionDate "2024.01.17"]
[SourceQuality "1"]

1. d4 Nf6 2. c4 e6 3. Nf3 d5 4. Nc3 h6 5. Bf4 Bd6 6. Bxd6 Qxd6 7. e3 0-0 8. Rc1 b6 9. cxd5 Nxd5 10. Be2 Bb7 11. 0-0 Nxc3 12. Rxc3 Nd7 13. Qc2 Rfc8 14. Rd1 Nf6 15. Qa4 a5 16. h3 Bd5 17. a3 Ne4 18. Rcc1 c5 19. dxc5 Rxc5 20. Rxc5 Qxc5 21. Ne5 Rc8 22. Qd7 Qc7 23. Bf3 Qxd7 24. Nxd7 Rc6 25. Bxe4 Bxe4 26. b4 axb4 27. axb4 Rc4 28. b5 Rb4 29. Nxb6 Rxb5 30. Nc4 Bd5 31. Nd2 g5 32. Nf3 Kg7 33. Rd4 Rb1+ 34. Kh2 Rb2 35. Rd2 Rb1 36. Nd4 Kg6 37. Ne2 Rb3 38. Nd4 Ra3 39. Rb2 h5 40. Nb5 Rd3 41. Nd4 Ra3 42. Nb5 Rd3 43. Nd4 h4 44. Nf3 f6 45. Rd2 Ra3 46. Rb2 e5 47. Rd2 Ra5 48. Rb2 Rc5 49. Rd2 Bc6 50. Rb2 Kf5 51. Ne1 Rc1 52. Rc2 Rxc2 53. Nxc2 Ba4 54. Ne1 e4 55. g3 hxg3+ 56. Kxg3 Ke5 57. h4 gxh4+ 58. Kxh4 Bd1 59. Ng2 Kf5 60. Nf4 Bf3 61. Kg3 Ke5 62. Ng6+ Ke6 63. Kf4 f5 64. Ne5 Be2 65. Nc6 Kf6 66. Na5 Bb5 67. Nb3 Be2 68. Nd4 Bg4 69. Kg3 Kg5 70. Ne6+ Kf6 71. Nf4 Kg5 72. Nd5 Bd1 73. Nf4 Bg4 74. Nd5 1/2-1/2

[Event "NOR-ch Rapid"]
[Site "Bergen"]
[Date "2024.01.13"]
[Round "2"]
[White "Strand, Vetle Bjorge"]
[Black "Carlsson, Ludvig"]
[Result "0-1"]
[WhiteElo "2089"]
[BlackElo "2361"]
[PlyCount "138"]
[EventDate "2024.01.13"]
[EventType "swiss (rapid)"]
[EventRounds "10"]
[EventCountry "NOR"]
[SourceTitle "CB03_2024"]
[SourceDate "2024.01.17"]
[SourceVersion "1"]
[SourceVersionDate "2024.01.17"]
[SourceQuality "1"]

1. d4 d5 2. Nc3 e6 3. Bf4 Bb4 4. e3 c5 5. Bb5+ Nc6 6. Nge2 Qb6 7. 0-0 cxd4 8. exd4 Nf6 9. a3 Be7 10. Bd3 Bd7 11. Nb5 Rc8 12. Be3 a6 13. Nbc3 Na5 14. b3 0-0 15. Qd2 Qc7 16. Bf4 Bd6 17. Bxd6 Qxd6 18. Ng3 Qc7 19. Nce2 Bb5 20. Bxb5 axb5 21. Rfc1 b6 22. Nf4 g6 23. Nd3 Kg7 24. Qb4 Nc6 25. Qc3 Rfd8 26. f3 Na5 27. Qb4 Qc3 28. Ne2 Qc6 29. Ne5 Qe8 30. a4 bxa4 31. Rxa4 Rb8 32. Raa1 Rdc8 33. Nd3 Qd7 34. Qa4 Qc7 35. Qb5 Ne8 36. Ne5 Nd6 37. Qd7 Rb7 38. Qa4 Nf5 39. Kf2 f6 40. Nd3 Qxh2 41. Rh1 Qd6 42. c3 e5 43. Qb5 Nc6 44. g4 Nfe7 45. Ra6 Nd8 46. Qa4 Ne6 47. Qa1 e4 48. Ne1 Ng5 49. Qc1 Ng8 50. f4 Ne6 51. Qe3 Rbc7 52. Nc2 g5 53. fxg5 fxg5 54. Ng3 Ne7 55. c4 Rf8+ 56. Ke1 Rf3 57. Nh5+ Kg6 58. Qe2 Rc8 59. c5 Qd7 60. Rxb6 Rc6 61. Rb8 Qa7 62. Qh2 Kf7 63. Rh8 Nxd4 64. Rxh7+ Ke8 65. Rh8+ Kd7 66. Qe5 Nxc2+ 67. Kd2 Qa5+ 68. Kc1 Qa1+ 69. Qxa1 Nxa1 0-1

[Event "Karlstad op"]
[Site "Karlstad"]
[Date "2023.12.28"]
[Round "4"]
[White "Carlsson, Ludvig"]
[Black "Lind, Jan Olov"]
[Result "1-0"]
[WhiteElo "2359"]
[BlackElo "2148"]
[PlyCount "113"]
[EventDate "2023.12.27"]
[EventType "swiss"]
[EventRounds "8"]
[EventCountry "SWE"]
[SourceTitle "CB01_2024"]
[SourceDate "2024.01.03"]
[SourceVersion "1"]
[SourceVersionDate "2024.01.03"]
[SourceQuality "1"]

1. d4 Nf6 2. c4 g6 3. Nc3 Bg7 4. e4 d6 5. Nf3 0-0 6. Be2 e5 7. dxe5 dxe5 8. Qxd8 Rxd8 9. Bg5 Nbd7 10. 0-0-0 Rf8 11. Nd5 Nxd5 12. cxd5 h6 13. Be7 Re8 14. Bb4 Bf8 15. Ba5 b6 16. Bc3 a6 17. Nd2 Nc5 18. b3 Bd7 19. f3 Bb5 20. Nc4 Bxc4 21. Bxc4 b5 22. Be2 b4 23. Be1 Reb8 24. Kb2 a5 25. Rc1 a4 26. Bf2 axb3 27. axb3 Ra5 28. Bc4 Rba8 29. Ra1 Rxa1 30. Rxa1 Rxa1 31. Kxa1 Kg7 32. Kb2 f5 33. exf5 gxf5 34. Kc2 Bd6 35. Bb5 Kf6 36. Be1 Nb7 37. Ba6 Na5 38. Bc8 Kg6 39. g4 fxg4 40. fxg4 c6 41. Bf5+ Kg7 42. dxc6 Nxc6 43. Kd3 Nd4 44. Kc4 Nxf5 45. gxf5 Kf6 46. Kd5 Bf8 47. Ke4 Bd6 48. Bd2 Bf8 49. h3 h5 50. Be1 Bd6 51. Bh4+ Kf7 52. Kd5 Bc7 53. Bg5 Bb8 54. Bd8 Ke8 55. Ba5 e4 56. Ke6 e3 57. f6 1-0

[Event "Karlstad op"]
[Site "Karlstad"]
[Date "2023.12.27"]
[Round "3"]
[White "Backman, Andreas"]
[Black "Carlsson, Ludvig"]
[Result "0-1"]
[WhiteElo "2143"]
[BlackElo "2359"]
[PlyCount "146"]
[EventDate "2023.12.27"]
[EventType "swiss"]
[EventRounds "8"]
[EventCountry "SWE"]
[SourceTitle "CB01_2024"]
[SourceDate "2024.01.03"]
[SourceVersion "1"]
[SourceVersionDate "2024.01.03"]
[SourceQuality "1"]

1. Nf3 Nf6 2. g3 c5 3. Bg2 Nc6 4. 0-0 e5 5. d3 d5 6. e4 dxe4 7. dxe4 Qxd1 8. Rxd1 Nd4 9. Ne1 Bg4 10. f3 Be6 11. Be3 0-0-0 12. Kf2 Bd6 13. c3 Nc6 14. Na3 a6 15. Bf1 b5 16. Nac2 Kb7 17. Nd3 c4 18. Nc5+ Bxc5 19. Bxc5 Nd7 20. Be3 Nb6 21. Bxb6 Kxb6 22. Ne3 Na5 23. f4 f6 24. Be2 Nb7 25. Rxd8 Rxd8 26. Rd1 Rxd1 27. Nxd1 Nc5 28. Ke3 g6 29. h4 Kc7 30. Nf2 Na4 31. Nd1 Kd6 32. Kd2 Bd7 33. Ke3 Be6 34. Kd2 h6 35. Ke3 Ke7 36. fxe5 fxe5 37. Kd2 Kf6 38. Kc2 Nc5 39. Nf2 g5 40. Kd2 Kg6 41. Ke3 h5 42. Bd1 a5 43. a3 Bd7 44. Kd2 Kh6 45. Ke3 Be6 46. Kd2 Nd7 47. Ke3 Nf8 48. hxg5+ Kxg5 49. Be2 Nd7 50. Bd1 Nc5 51. Kd2 Bc8 52. Ke3 Bd7 53. Kd2 Nb7 54. b4 cxb3 55. Bxb3 Nd6 56. Bd5 Bc8 57. Ke3 Kf6 58. Nd3 Be6 59. Nb2 Bxd5 60. exd5 a4 61. Kf3 Kf5 62. Ke3 Kg4 63. Nd3 Kxg3 64. Nxe5 h4 65. Nf3 h3 66. Nd2 Nc4+ 67. Kd4 Nxd2 68. d6 Nf3+ 69. Ke4 Ng5+ 70. Kf5 Nf7 71. d7 h2 72. Kf6 Nd8 73. Ke7 Nc6+ 0-1

[Event "Fagernes Autumn op"]
[Site "Fagernes"]
[Date "2023.10.12"]
[Round "6"]
[White "Krishnan, Ritvik"]
[Black "Carlsson, Ludvig"]
[Result "1/2-1/2"]
[WhiteElo "2176"]
[BlackElo "2356"]
[PlyCount "135"]
[EventDate "2023.10.08"]
[EventType "swiss"]
[EventRounds "9"]
[EventCountry "NOR"]
[SourceTitle "Mega2024 Update 01"]
[Source "Chessbase"]
[SourceDate "2023.11.12"]
[SourceVersion "1"]
[SourceVersionDate "2023.11.12"]
[SourceQuality "1"]

1. Nf3 d5 2. g3 g6 3. Bg2 Bg7 4. d4 c6 5. 0-0 Nf6 6. c4 dxc4 7. a4 Ne4 8. Qc2 Nd6 9. Nbd2 0-0 10. Re1 Na6 11. Nxc4 Nxc4 12. Qxc4 Be6 13. Qc2 Nb4 14. Qd1 a5 15. e4 Bg4 16. Be3 e5 17. dxe5 Nd3 18. Rf1 Nxe5 19. Qxd8 Rfxd8 20. Nxe5 Bxe5 21. Rab1 Be2 22. Rfe1 Bd3 23. Rbd1 Bc2 24. Rxd8+ Rxd8 25. f4 Bd4 26. Kf2 Bxa4 27. Bxd4 Rxd4 28. Ke3 c5 29. Re2 Bb3 30. e5 b5 31. Re1 Bd1 32. Bf1 b4 33. Bd3 Bb3 34. Rc1 Rd5 35. Be4 Rd1 36. Rxc5 a4 37. Rb5 Re1+ 38. Kd3 a3 39. bxa3 bxa3 40. Rxb3 a2 41. Ra3 a1Q 42. Rxa1 Rxa1 43. Ke3 Ra3+ 44. Bd3 h6 45. h4 Kg7 46. Kd4 Kf8 47. Ke3 h5 48. Kd4 Ke7 49. Ke4 Rc3 50. Kd4 Rb3 51. Ke4 Ra3 52. Kd4 Kd8 53. Ke4 Kc7 54. Kd4 Kc6 55. Be4+ Kc7 56. Bd3 Kb6 57. e6 fxe6 58. Bxg6 Ra5 59. Bf7 Kc7 60. Bxe6 Kd6 61. Bf7 Ra3 62. Bxh5 Rxg3 63. Be2 Rh3 64. h5 Rh4 65. Ke4 Ke6 66. Bf3 Kf6 67. Be2 Rxf4+ 68. Kxf4 1/2-1/2

[Event "Copenhagen Obro CXU op"]
[Site "Copenhagen"]
[Date "2023.07.26"]
[Round "4"]
[White "Carlsson, Ludvig"]
[Black "Thorsbro, Peter"]
[Result "1-0"]
[WhiteElo "2373"]
[BlackElo "2202"]
[PlyCount "112"]
[EventDate "2023.07.24"]
[EventType "swiss"]
[EventRounds "9"]
[EventCountry "DEN"]
[SourceTitle "CBM 215 Extra"]
[Source "ChessBase"]
[SourceDate "2023.09.30"]
[SourceVersion "1"]
[SourceVersionDate "2023.09.30"]
[SourceQuality "1"]

1. e4 c6 2. Nf3 d5 3. d3 Bg4 4. h3 Bxf3 5. Qxf3 Nf6 6. g3 e6 7. Bg2 Be7 8. 0-0 0-0 9. Qe2 a5 10. a4 Na6 11. Nd2 b5 12. exd5 exd5 13. axb5 cxb5 14. Nb3 Nb4 15. Nxa5 Rxa5 16. Rxa5 Qxa5 17. Qxe7 Nxc2 18. Qc5 Qa4 19. Bg5 Qb3 20. Rc1 Nb4 21. Qc3 Qxc3 22. Rxc3 Rb8 23. Bf4 Ra8 24. Rb3 Nc2 25. Rxb5 Ne1 26. Bf1 Kf8 27. Rb8+ Rxb8 28. Bxb8 Ke7 29. Be2 Nd7 30. Bf4 Nc5 31. Be3 Kd6 32. b4 Ne6 33. Bd2 Nc2 34. Bd1 Na3 35. Ba4 Nb1 36. Be1 Ke5 37. b5 Kd4 38. b6 Nd8 39. Bb4 Nc3 40. Bd7 Kxd3 41. Be7 Nb7 42. Bc8 Na5 43. b7 Nxb7 44. Bxb7 d4 45. Kf1 Kc2 46. Bb4 f5 47. g4 d3 48. Bxc3 Kxc3 49. Bc6 fxg4 50. hxg4 g6 51. Kg2 Kd4 52. Kf3 d2 53. Ba4 h5 54. gxh5 gxh5 55. Bd1 Ke5 56. Kg3 Kd5 1-0

[Event "Copenhagen Obro CXU op"]
[Site "Copenhagen"]
[Date "2023.07.25"]
[Round "3"]
[White "Hamitevici, Vladimir"]
[Black "Carlsson, Ludvig"]
[Result "1-0"]
[WhiteElo "2494"]
[BlackElo "2373"]
[PlyCount "75"]
[EventDate "2023.07.24"]
[EventType "swiss"]
[EventRounds "9"]
[EventCountry "DEN"]
[SourceTitle "CBM 215 Extra"]
[Source "ChessBase"]
[SourceDate "2023.09.30"]
[SourceVersion "1"]
[SourceVersionDate "2023.09.30"]
[SourceQuality "1"]

1. c4 g6 2. d4 Nf6 3. Nf3 Bg7 4. e3 0-0 5. Be2 d6 6. Nc3 Nbd7 7. 0-0 e5 8. Qc2 Re8 9. b4 e4 10. Nd2 Qe7 11. a4 Nf8 12. Ba3 Bf5 13. Rfc1 h5 14. Qd1 h4 15. h3 N8h7 16. b5 Ng5 17. Qf1 Qe6 18. Kh2 c5 19. bxc6 bxc6 20. Rab1 Nd7 21. Nb3 Rab8 22. d5 Qe5+ 23. Kh1 c5 24. Nb5 Qf6 25. Nxa7 Ra8 26. Bb2 Ne5 27. Nc6 Rxa4 28. Ra1 Rxa1 29. Rxa1 Bf8 30. Ra6 Bc8 31. Rb6 Bg7 32. Bxe5 Rxe5 33. Nxe5 Qd8 34. Nxf7 Qxb6 35. Nxg5 Qxb3 36. Nxe4 Qb8 37. Bd3 Bd7 38. f4 1-0

[Event "SWE-ch U20"]
[Site "Helsingborg"]
[Date "2023.07.06"]
[Round "6"]
[White "Lindholm, Gustav"]
[Black "Carlsson, Ludvig"]
[Result "1/2-1/2"]
[WhiteElo "2155"]
[BlackElo "2373"]
[PlyCount "120"]
[EventDate "2023.07.01"]
[EventType "tourn"]
[EventRounds "9"]
[EventCountry "SWE"]
[SourceTitle "CBM 215 Extra"]
[Source "ChessBase"]
[SourceDate "2023.09.30"]
[SourceVersion "1"]
[SourceVersionDate "2023.09.30"]
[SourceQuality "1"]

1. d4 d5 2. c4 e6 3. Nc3 Nf6 4. Nf3 c5 5. cxd5 Nxd5 6. e4 Nxc3 7. bxc3 cxd4 8. cxd4 Bb4+ 9. Bd2 Bxd2+ 10. Qxd2 0-0 11. Bb5 Bd7 12. Bxd7 Nxd7 13. 0-0 Rc8 14. Rfc1 h6 15. h3 Nf6 16. Rxc8 Qxc8 17. Rc1 Qa8 18. Rc7 Nxe4 19. Qb4 b6 20. Qe7 Qd8 21. Qxd8 Rxd8 22. Rxa7 Rc8 23. Ne5 f6 24. Nd7 b5 25. Rb7 Nc3 26. Nc5 Ne2+ 27. Kf1 Nxd4 28. Nb3 Nxb3 29. axb3 Rc5 30. Ke2 Rd5 31. Ke3 Kh7 32. h4 h5 33. g3 Kg6 34. Ke4 f5+ 35. Ke3 Kf6 36. b4 g5 37. hxg5+ Kxg5 38. Rg7+ Kf6 39. Rb7 Ke5 40. Rb6 Kf6 41. Rb7 Kg6 42. Rb6 Kf7 43. Rb7+ Kf6 44. f4 Kg6 45. Re7 Rd6 46. Rb7 Ra6 47. Rxb5 Ra3+ 48. Kf2 h4 49. gxh4 Rb3 50. Rb6 Kh5 51. Rxe6 Rxb4 52. Kf3 Rb3+ 53. Re3 Rxe3+ 54. Kxe3 Kxh4 55. Kf2 Kg4 56. Kg2 Kxf4 57. Kf2 Ke4 58. Ke2 f4 59. Kf2 f3 60. Kf1 Ke5 1/2-1/2

[Event "SWE-ch U20"]
[Site "Helsingborg"]
[Date "2023.07.04"]
[Round "4"]
[White "Carlsson, Ludvig"]
[Black "Seo, Jung Hyun"]
[Result "1-0"]
[WhiteElo "2373"]
[BlackElo "2124"]
[PlyCount "111"]
[EventDate "2023.07.01"]
[EventType "tourn"]
[EventRounds "9"]
[EventCountry "SWE"]
[SourceTitle "CBM 215 Extra"]
[Source "ChessBase"]
[SourceDate "2023.09.30"]
[SourceVersion "1"]
[SourceVersionDate "2023.09.30"]
[SourceQuality "1"]

1. d4 d5 2. c4 e6 3. Nc3 Nf6 4. cxd5 exd5 5. Bg5 c6 6. e3 Be7 7. Bd3 Nbd7 8. h3 h6 9. Bf4 Nb6 10. Nf3 Be6 11. Qc2 Bd6 12. 0-0 0-0 13. Ne5 Qc7 14. b3 Rac8 15. Bh2 a6 16. b4 Nc4 17. Bxc4 dxc4 18. f4 Qe7 19. f5 Bd7 20. a3 b5 21. e4 a5 22. Kh1 axb4 23. axb4 Bxb4 24. Ra7 Bxc3 25. Qxc3 Ra8 26. Qa1 Rxa7 27. Qxa7 c3 28. Re1 Qb4 29. Nxd7 Nxd7 30. Qxd7 c2 31. Rg1 Qd2 32. Qxc6 b4 33. d5 b3 34. Be5 Rb8 35. Bb2 Qd1 36. d6 Qb1 37. Qc3 f6 38. e5 Kh7 39. exf6 c1Q 40. Rxc1 Qxf5 41. fxg7 Qd5 42. Qe5 Qd3 43. g8B+ Rxg8 44. Qe7+ Kg6 45. Qf6+ Kh5 46. Rc5+ Rg5 47. Qf7+ Kh4 48. Qf4+ Kh5 49. Qg4+ Kg6 50. Qe6+ Kh5 51. Qe8+ Kh4 52. Qe1+ Kh5 53. g4+ Kg6 54. Qe8+ Kh7 55. Qh8+ Kg6 56. Qg8# 1-0